[Event "IV Festival Internacional DUCHAMP in RIO Master - 7 a 14 dezembro - 15.000 USD"]
[Site "Hotel South American, Copacabana , Rio de Janeiro, RJ"]
[Date "2022.12.09"]
[Round "3"]
[Board "51"]
[White "Rodolpho Filho, Joao"]
[Black "Gomes, Genildo De Souza"]
[Result "0-1"]
[WhiteElo "1301"]
[BlackElo "1651"]
[PlyCount "58"]
[EventDate "2022.12.07"]
[EventRounds "9"]
[EventCountry "BRA"]

1. e4 e6 2. d4 d5 3. exd5 exd5 4. Nf3 Bd6 5. Bb5+ c6 6. Bd3 Ne7 7. O-O Bf5 8. Bg5
f6 9. Bh4 O-O 10. Re1 Bxd3 11. Qxd3 Ng6 12. Nbd2 Na6 13. a3 Qd7 14. b4 b5 15. c3
Rae8 16. Nf1 Nxh4 17. Nxh4 Rxe1 18. Rxe1 Re8 19. Qb1 Nc7 20. Nf3 Na8 21. Rxe8+ Qxe8
22. Ne3 Nb6 23. Qe1 Bf4 24. Nf5 Qxe1+ 25. Nxe1 Kf7 26. Ne3 Nc4 27. N1c2 Nd2 28. g3
Bxe3 29. fxe3 Nb1  0-1

[Event "IV Festival Internacional DUCHAMP in RIO Master - 7 a 14 dezembro - 15.000 USD"]
[Site "Hotel South American, Copacabana , Rio de Janeiro, RJ"]
[Date "2022.12.09"]
[Round "3"]
[Board "53"]
[White "Serafim, Paulo Rogerio"]
[Black "Carneiro, Luis Guilherme Rosado"]
[Result "0-1"]
[WhiteElo "1466"]
[BlackElo "1815"]
[PlyCount "136"]
[EventDate "2022.12.07"]
[EventRounds "9"]
[EventCountry "BRA"]

1. c4 Nf6 2. Nc3 e6 3. Nf3 b6 4. e3 c5 5. Be2 Bb7 6. b3 Be7 7. O-O O-O 8. Bb2 Ne4
9. d4 f5 10. Nd2 cxd4 11. exd4 Nxc3 12. Bxc3 Bf6 13. Nf3 Nc6 14. Ne5 Rc8 15. Bf3
d6 16. Nxc6 Bxc6 17. Bxc6 Rxc6 18. Qf3 Rc7 19. Rfe1 Re8 20. Rac1 Qc8 21. d5 Bxc3
22. Rxc3 e5 23. h4 Rf8 24. h5 Rf6 25. Qg3 Rh6 26. Qg5 Rf6 27. Rg3 f4 28. Qxf6 fxg3
29. Qxd6 gxf2+ 30. Kxf2 Qf5+ 31. Kg1 Rf7 32. Qd8+ Rf8 33. Qh4 Re8 34. Re4 Qc8 35.
Qg3 Qf5 36. Qh4 Qc8 37. Qg5 Qc5+ 38. Kh2 h6 39. Qg6 Qf8 40. Rg4 Kh8 41. b4 e4 42.
Rxe4 Rxe4 43. Qxe4 Qxb4 44. Qe8+ Kh7 45. Qg6+ Kg8 46. Qe8+ Kh7 47. Qc6 Qe7 48. Kh3
Qg5 49. Qg6+ Qxg6 50. hxg6+ Kxg6 51. Kg4 Kf6 52. Kf4 g6 53. g4 h5 54. gxh5 gxh5 55.
a4 h4 56. Kg4 Ke5 57. Kxh4 a6 58. Kg5 b5 59. cxb5 axb5 60. a5 Kxd5 61. a6 Kc6 62.
a7 Kb7 63. a8=Q+ Kxa8 64. Kf4 Kb7 65. Ke3 Kb6 66. Kd3 Ka5 67. Kc3 Ka4 68. Kb2 Kb4
 0-1

[Event "IV Festival Internacional DUCHAMP in RIO Master - 7 a 14 dezembro - 15.000 USD"]
[Site "Hotel South American, Copacabana , Rio de Janeiro, RJ"]
[Date "2022.12.09"]
[Round "3"]
[Board "54"]
[White "Bucci, Andrea Vidigal"]
[Black "Araujo, Barbara Ribeiro"]
[Result "0-1"]
[WhiteElo "1747"]
[BlackElo "1533"]
[PlyCount "78"]
[EventDate "2022.12.07"]
[EventRounds "9"]
[EventCountry "BRA"]

1. e4 c5 2. Nf3 g6 3. d4 cxd4 4. Nxd4 Nc6 5. c4 Nf6 6. Nc3 d6 7. Be2 Nxd4 8. Qxd4
Bg7 9. Be3 O-O 10. Qd3 Be6 11. Bd4 Qa5 12. O-O Rac8 13. Nd5 Bxd5 14. exd5 a6 15.
a4 Rfd8 16. b4 Qc7 17. a5 Nd7 18. Bxg7 Kxg7 19. Qd4+ Kg8 20. Rfd1 Rb8 21. Rdc1 Rdc8
22. Bg4 f5 23. Bxf5 gxf5 24. Ra3 Nf6 25. Qe3 Qd7 26. Qg5+ Kf7 27. Rh3 Rg8 28. Qe3
Rg7 29. Re1 Rbg8 30. Rg3 Rxg3 31. fxg3 Rg4 32. Qd3 Re4 33. Rf1 Re5 34. h3 e6 35.
dxe6+ Qxe6 36. g4 fxg4 37. Qxh7+ Kf8 38. Qxb7 Re1 39. Qxa6 Qe3+  0-1

[Event "IV Festival Internacional DUCHAMP in RIO Master - 7 a 14 dezembro - 15.000 USD"]
[Site "Hotel South American, Copacabana , Rio de Janeiro, RJ"]
[Date "2022.12.09"]
[Round "3"]
[Board "56"]
[White "Rogozinski, Danilo Rocha"]
[Black "Garcia, Erich Douglas Ribeiro"]
[Result "0-1"]
[WhiteElo "1651"]
[BlackElo "1429"]
[PlyCount "96"]
[EventDate "2022.12.07"]
[EventRounds "9"]
[EventCountry "BRA"]

1. e4 c6 2. d4 d5 3. Nc3 dxe4 4. Nxe4 Bf5 5. Ng3 Bg6 6. Nf3 e6 7. Bd3 Bxd3 8. Qxd3
Nf6 9. O-O Bd6 10. Bg5 Nbd7 11. Ne4 Be7 12. Nxf6+ Nxf6 13. Ne5 Nd5 14. Bxe7 Qxe7
15. c4 Nf6 16. Qg3 O-O 17. Rfe1 Rad8 18. Rad1 Qb4 19. b3 Rxd4 20. Qe3 Re4 21. Qc1
Rxe1+ 22. Rxe1 Rd8 23. g3 Qb6 24. Qf4 Rd4 25. Qe3 Qd8 26. Nf3 Rd3 27. Qe2 h6 28.
Kg2 Qd6 29. Qb2 c5 30. Qc1 Nd7 31. Re3 e5 32. Qe1 f6 33. Qe2 Rd1 34. Qc2 Nf8 35.
Qe4 Qd7 36. Re1 Rxe1 37. Qxe1 Qd3 38. Qa5 e4 39. Ne1 Qe2 40. Qc3 Nd7 41. Qe3 Qxe3
42. fxe3 Ne5 43. Kf2 Ng4+ 44. Ke2 Nxh2 45. Ng2 g5 46. Ne1 Ng4 47. a3 a5 48. Nc2 Ne5
 0-1

[Event "IV Festival Internacional DUCHAMP in RIO Master - 7 a 14 dezembro - 15.000 USD"]
[Site "Hotel South American, Copacabana , Rio de Janeiro, RJ"]
[Date "2022.12.09"]
[Round "3"]
[Board "57"]
[White "Richards, Jaleel"]
[Black "Gomes, Marco Tulio Caldeira"]
[Result "0-1"]
[WhiteElo "1392"]
[BlackElo "1646"]
[PlyCount "46"]
[EventDate "2022.12.07"]
[EventRounds "9"]
[EventCountry "BRA"]

1. d4 Nf6 2. Bf4 e6 3. Nf3 d5 4. c3 c5 5. e3 Be7 6. Nbd2 Nc6 7. Bd3 a6 8. e4 dxe4
9. Nxe4 cxd4 10. cxd4 O-O 11. O-O Nxd4 12. Rc1 Nc6 13. Qc2 g6 14. Rfd1 Nb4 15. Nxf6+
Bxf6 16. Qb3 Nxd3 17. Rxd3 Qa5 18. Bc7 Qf5 19. Re1 b5 20. Ne5 Bxe5 21. Rxe5 Qg4 22.
h3 Qh4 23. Bd8 Qxd8  0-1

[Event "IV Festival Internacional DUCHAMP in RIO Master - 7 a 14 dezembro - 15.000 USD"]
[Site "Hotel South American, Copacabana , Rio de Janeiro, RJ"]
[Date "2022.12.09"]
[Round "3"]
[Board "58"]
[White "Balcon, Alexis"]
[Black "De Oliveira, Joao Eudes"]
[Result "0-1"]
[WhiteElo "1023"]
[BlackElo "1613"]
[PlyCount "88"]
[EventDate "2022.12.07"]
[EventRounds "9"]
[EventCountry "BRA"]

1. e4 c5 2. Nf3 d6 3. d4 cxd4 4. Nxd4 Nf6 5. Nc3 a6 6. Bg5 e6 7. Qf3 Be7 8. O-O-O
Qc7 9. g4 Nc6 10. Be2 Bd7 11. h4 Rc8 12. Qg2 b5 13. a3 Nxd4 14. Rxd4 e5 15. Rdd1
Be6 16. Kb1 O-O 17. h5 Rfd8 18. Rd2 Ne8 19. Bxe7 Qxe7 20. g5 Rc5 21. g6 fxg6 22.
hxg6 h6 23. Rf1 Nf6 24. f4 exf4 25. Rxf4 Rg5 26. Qf2 Rf8 27. Bd3 Nd7 28. Re2 Ne5
29. Rxf8+ Qxf8 30. Qxf8+ Kxf8 31. b3 Rxg6 32. Kb2 Rf6 33. Rd2 g5 34. a4 b4 35. Na2
a5 36. Nc1 Ke7 37. Ne2 Rf2 38. Ka2 h5 39. Kb2 h4 40. Kc1 h3 41. Ng1 Rxd2 42. Nxh3
Rg2 43. Bf1 Rg3 44. Kb2 Bxh3  0-1

[Event "IV Festival Internacional DUCHAMP in RIO Master - 7 a 14 dezembro - 15.000 USD"]
[Site "Hotel South American, Copacabana , Rio de Janeiro, RJ"]
[Date "2022.12.09"]
[Round "3"]
[Board "61"]
[White "Da Costa, Carlos Henrique Luz"]
[Black "Mesquita, Victor Noronha"]
[Result "0-1"]
[WhiteElo "1565"]
[BlackElo "1172"]
[PlyCount "88"]
[EventDate "2022.12.07"]
[EventRounds "9"]
[EventCountry "BRA"]

1. d4 d5 2. Nf3 Nf6 3. Bf4 e6 4. e3 Be7 5. h3 O-O 6. Bd3 Nbd7 7. Nbd2 c5 8. a4 b6
9. c3 Bb7 10. O-O Re8 11. Qc2 h6 12. Rfe1 Rc8 13. Ne5 a6 14. Ndf3 Nxe5 15. Bxe5 Bd6
16. Qe2 c4 17. Bc2 Bxe5 18. Nxe5 Nd7 19. Qh5 Qe7 20. f4 Rc7 21. Rf1 Nf6 22. Qe2 Ne4
23. Rf3 Kh7 24. Raf1 f6 25. Ng4 Rcc8 26. Nf2 f5 27. Nxe4 fxe4 28. Rg3 b5 29. Qe1
Bc6 30. a5 Rb8 31. Qd1 Rec8 32. Qh5 Be8 33. Qd1 b4 34. Ba4 bxc3 35. bxc3 Qc7 36.
Bxe8 Rxe8 37. Qh5 Re7 38. Rg6 Qd7 39. g4 Qe8 40. f5 exf5 41. Rg5 Qxh5 42. Rxh5 g6
43. Rh4 Reb7 44. Kh1 Rb1  0-1